000 00387nam a2200145Ia 4500
008 231129s2001||||xx |||||||||||||| ||spa||
020 _a958-04-6411-1
040 _bspa
082 _a649.1 L864c
100 _aLópez Marí­a Elena
245 0 _aCómo criar niños en tiempos difí­ciles
260 _c2001
264 _aNorma
942 _2ddc
_cBKS
999 _c7471
_d7471